000 00724nam a2200265Ia 4500
003 OSt
005 20220912150713.0
006 a|||||r|||| 00| 0
007 ta
008 220909b |||||||| |||| 00| 0 eng d
024 _a36408
037 _cTextual
040 _aCSL
_beng
_cCSL
041 _aeng
082 _aCN1,21, L0
100 _aLongini Richard L
245 0 _aIntroductory quantum mechanics for the solid state
260 _aNew York
_b Wiley Interscience
_c1970
300 _axiii, 157p.
_ccm.
500 _aBbibliography 151-152p.
_ccm.
650 _a Physics
650 _aQuantum mechanics
942 _hCN1,21, L0
_cTEXL
_2CC
999 _c53034
_d53034